Statistics for Countries Bordering Unknown Country #19

Click here to take the quiz!

General Stats

  • This quiz has been taken 447 times
  • The average score is 6 of 6

Answer Stats

Bordering CountryAnswer% Correct
GGeorgia
99%
AArmenia
98%
RRussia
98%
TTurkey
98%
IIran
97%
Azerbaijan
95%

Score Distribution

Percentile by Number Answered

Percent of People with Each Score

Your Score History

You have not taken this quiz